| 000 | 00623nam a2200193Ia 4500 | ||
|---|---|---|---|
| 003 | LDD | ||
| 008 | 190117s9999 xx 000 0 und d | ||
| 020 |
_a8170554292 _c₹100 |
||
| 040 | _cLDD | ||
| 041 | _ahi | ||
| 082 | _a323 मा49268 | ||
| 100 | _aराजकिशोर | ||
| 245 | 0 |
_aमानव अधिकारों का संघर्ष _cराजकिशोर |
|
| 260 |
_aनई दिल्ली _bवाणी _c1996 |
||
| 300 | _a176 | ||
| 901 | _aVANI | ||
| 904 | _aReqst by : विमल खांडेकर | ||
| 942 |
_2ddc _cH |
||
| 999 |
_c168294 _d168294 |
||